000 00430cam a22001575a 4500
001 J100835
008 000000s1921 xxk 000 0 eng u
035 _a(Sirsi) u100835
110 _aAuctioneers' and Estate Agents' Institute of the United Kingdom
_93789
245 _aAnnual reports 1907-21.
260 _c1921
520 _aincomplete copy
651 4 _aUnited Kingdom
_y
690 _aBusiness and management
942 _n0
999 _c99867
_d99867